[Event "Landesliga N9495 Bayern"]
[Site "Germany"]
[Date "1995.??.??"]
[Round "1"]
[White "Arbakov, Valentin"]
[Black "Kreuzer, Martin"]
[Result "1-0"]
[WhiteElo "2570"]
[BlackElo "2285"]

1.c4 c6 2.Nc3 d5 3.e3 Nf6 4.Nf3 e6 5.d4 Nbd7 6.Qc2 Bd6 7.Be2 O-O 8.O-O Qe7
9.e4 dxe4 10.Nxe4 Nxe4 11.Qxe4 e5 12.Bg5 f6 13.Bd3 g6 14.Bh6 Re8 15.c5 Bc7
16.Bc4+ Kh8 17.Rfe1 Nf8 18.dxe5 Bxe5 19.Nxe5 fxe5 20.Bf4 Be6 21.Bxe5+ Kg8
22.Bc3 Qxc5 23.Qf4 Qf5 24.Qd4 Re7 25.Bxe6+  1-0

[Event "JBL NO95/96"]
[Site "Germany"]
[Date "1995.??.??"]
[Round "1"]
[White "Richter, Michael"]
[Black "David, Rene"]
[Result "0-1"]
[WhiteElo "2255"]
[BlackElo "2235"]

1.d4 d5 2.c4 c6 3.Nc3 Nf6 4.Nf3 e6 5.e3 Nbd7 6.Bd3 dxc4 7.Bxc4 b5 8.Bd3 b4
9.Ne2 c5 10.O-O Bb7 11.Ne5 Bd6 12.f4 O-O 13.Ng3 Bc7 14.Kh1 g6 15.Qe2 a5 16.b3 cxd4
17.exd4 Nb6 18.f5 exf5 19.Bg5 Nbd5 20.Nxf5 gxf5 21.Rxf5 Bc8 22.Rxf6 Nxf6
23.Rf1 Bxe5 24.dxe5 Bg4 25.Qe3 Nd5 26.Qe4 f5 27.exf6 Qd7 28.f7+ Rxf7 29.Rxf7 Qxf7
30.Qxg4 Qg7 31.h4 Re8 32.Bc4 Re5 33.Qc8+ Qf8 34.Qd7 Qf7 35.Qd8+ Kg7 36.Qxa5 h6
37.Bd2 Qf2 38.Bxd5 Qxh4+ 39.Kg1 Qd4+ 40.Kf1 Rf5+ 41.Ke1 Qe5+ 42.Kd1 Rf1+  0-1

[Event "Mittelfranken-ch"]
[Site "Germany"]
[Date "1995.??.??"]
[Round "2"]
[White "Hirn, Oskar"]
[Black "Schemm, H."]
[Result "1/2-1/2"]
[WhiteElo "2195"]
[BlackElo "2155"]

1.d4 d5 2.Nf3 Nf6 3.c4 c6 4.e3 e6 5.Nc3 Nbd7 6.Qc2 Be7 7.g4 Nxg4 8.Rg1 h5
9.h3 Nh6 10.Rxg7 Bb4 11.Be2 Nf5 12.Rg1 Nf6 13.Bd2 Bxc3 14.Bxc3 Ne4 15.Bd3 Nxc3
16.Qxc3 dxc4 17.Qxc4 Nd6 18.Qc5 Qe7 19.O-O-O Bd7 20.Rg5 b6 21.Rxh5 O-O-O
22.Qg5 Qxg5 23.Rxg5 Rxh3 24.Be2 Ne4 25.Rg7 Nxf2 26.Rf1 Ne4 27.Rxf7 Ng3 28.Ba6+ Kc7
29.Re1 Nf5 30.Ng5 Rh6 31.Bd3 Nd6 32.Rg7 Rf8 33.Re2 Ne8 34.Rf7 Rxf7 35.Nxf7 Rh1+
36.Kd2 c5 37.dxc5 bxc5 38.Ne5 Kd6 39.Nc4+ Ke7 40.Ne5 Kd6 41.Nxd7 Kxd7 42.Bb5+ Ke7
43.Bxe8 Kxe8 44.Kd3 Kd7 45.Ke4 Rh4+ 46.Ke5 Rh5+ 47.Kf6 Rf5+ 48.Kg6 Kd6 49.Rd2+ Ke5
50.b3 a6 51.Rc2 Ke4 52.Rc4+ Kxe3 53.Ra4 Rf1 54.Rxa6 e5 55.Rc6 e4 56.Rxc5 Kd2
57.Rd5+ Ke2 58.b4 e3 59.a4 Kf2 60.Rf5+ Kg2 61.Re5 Kf2 62.Rf5+ Kg2 63.Re5 Kf2  1/2-1/2

[Event "Landesliga S9495 Bayern"]
[Site "Germany"]
[Date "1995.??.??"]
[Round "2"]
[White "Schoenbauer, Max"]
[Black "Schneider, Richard"]
[Result "0-1"]
[WhiteElo "2085"]
[BlackElo "2220"]

1.d4 d5 2.Nf3 Nf6 3.e3 c6 4.c4 e6 5.Nc3 Nbd7 6.cxd5 exd5 7.Bd3 Bd6 8.O-O O-O
9.h3 Re8 10.Qc2 Qe7 11.Nd2 c5 12.b3 a6 13.Bb2 b5 14.dxc5 Nxc5 15.Nf3 b4 16.Ne2 Nxd3
17.Qxd3 a5 18.Rfc1 Ba6 19.Qd1 Ne4 20.Qd4 f6 21.Nf4 Bb7 22.Nxd5 Qf7 23.Nb6 Be5
24.Nxe5 fxe5 25.Qc4 Re6 26.f3 Nd2 27.Qxe6 Qxe6 28.Nxa8 Bxa8 29.e4 Bb7 30.Rc5 Nxb3
31.axb3 Qxb3 32.Raxa5 Qxb2 33.Kh2 Qd4 34.Rab5 h6 35.Rc7 Ba6 36.Rd5 b3 37.Rc6 Qa1
38.Rd8+ Kh7 39.Rb6 Bf1 40.Rd2 Qc1 41.Rf2 Qc5  0-1

[Event "Landesliga S9495 Bayern"]
[Site "Germany"]
[Date "1995.??.??"]
[Round "4"]
[White "Magg, Christian"]
[Black "Schoenbauer, Max"]
[Result "1/2-1/2"]
[WhiteElo "2120"]
[BlackElo "2085"]

1.d4 d5 2.Nf3 Nf6 3.c4 c6 4.Nc3 e6 5.e3 Nbd7 6.Be2 Bd6 7.b3 O-O 8.Bb2 Qe7
9.Qc2 b6 10.O-O Bb7 11.e4 dxe4 12.Nxe4 Ba3 13.Bxa3 Qxa3 14.Nxf6+ Nxf6 15.c5 Rfd8
16.Qc1 Qxc1 17.Rfxc1 b5 18.a4 a6 19.Rd1 Nd5 20.Rd2 Kf8 21.g3 f6 22.h4 Nc3
23.Rc1 Nd5 24.Bf1 Rd7 25.Re2 Nc7 26.Rce1 Re8 27.Bh3 Kf7 28.Ra2 Rd5 29.Rc2 Rdd8
30.Bf1 Nd5 31.Rcc1 Ne7 32.Bh3 Nd5 33.Ra1 Nb4 34.Re2 h5 35.Bg2 Re7  1/2-1/2

[Event "Mittelfranken-ch"]
[Site "Germany"]
[Date "1995.??.??"]
[Round "7"]
[White "Goetz, Andreas"]
[Black "Junker, R."]
[Result "1/2-1/2"]
[WhiteElo "2110"]
[BlackElo "2120"]

1.Nf3 d5 2.d4 c6 3.c4 e6 4.Nc3 Nf6 5.e3 Nbd7 6.Bd3 dxc4 7.Bxc4 b5 8.Bd3 Bb7
9.O-O Be7 10.e4 b4 11.Na4 O-O 12.Be3 Ng4 13.Bf4 c5 14.Bb5 Ngf6 15.Bxd7 Nxd7
16.Nxc5 Nxc5 17.dxc5 Qxd1 18.Rfxd1 Bxc5 19.Nd2 Rac8 20.Nb3 Bb6 21.Bd6 Rfe8
22.Bxb4 Bxe4 23.Bc3 Bc2 24.Rd2 Bxb3 25.axb3 Red8 26.Re2 Rd5 27.g3 Rb5 28.b4 Rd8
29.Rc1 Kf8 30.Re4 Rd3 31.Rc2 Rbd5 32.Kg2 Rd7 33.Rc1 Rd1 34.Rc2 R1d5 35.Ree2  1/2-1/2

[Event "GRE-ch94"]
[Site "Glyfada"]
[Date "1995.??.??"]
[Round "8"]
[White "Skembris, Spyridon"]
[Black "Nikolaidis, Konstantinos"]
[Result "1-0"]
[WhiteElo "2525"]
[BlackElo "2290"]

1.d4 Nf6 2.c4 c6 3.Nc3 d5 4.Nf3 e6 5.e3 Nbd7 6.Qc2 Bd6 7.Be2 O-O 8.O-O Re8
9.b3 dxc4 10.bxc4 e5 11.a4 exd4 12.exd4 Nf8 13.Rd1 Ng6 14.h3 Nh5 15.c5 Be7
16.Bc4 Qc7 17.Re1 Nhf4 18.Ng5 Rf8 19.Rxe7 Nxh3+ 20.Nxh3 Qxe7 21.Bg5 Qc7 22.Qd3 Kh8
23.Qf3 Be6 24.Bxe6 fxe6 25.Qe4 e5 26.d5 Qa5 27.Qe3 cxd5 28.Nxd5 Rac8 29.Ne7 Rce8
30.Nxg6+ hxg6 31.Qe4 Qa6 32.Rd1 Qe6 33.Qxb7 Rf7 34.Qb5 Rc8 35.Be3 Qg4 36.Qd3 Qxa4
37.Ng5 Rf5 38.Rc1 Qc6 39.Qc4 Qf6 40.Qh4+ Kg8 41.Qh7+ Kf8 42.Qh8+  1-0

[Event "Graz op"]
[Site "Graz"]
[Date "1995.??.??"]
[Round "7"]
[White "Stanec, Nikolaus"]
[Black "Wells, Peter K"]
[Result "1-0"]
[WhiteElo "2480"]
[BlackElo "2545"]

1.c4 e6 2.Nc3 d5 3.d4 c6 4.e3 Nf6 5.Nf3 Nbd7 6.Qc2 Bd6 7.Bd3 O-O 8.O-O dxc4
9.Bxc4 b5 10.Be2 Bb7 11.Rd1 Qb8 12.Ne4 Nxe4 13.Qxe4 c5 14.Qh4 c4 15.b3 Rc8
16.bxc4 bxc4 17.e4 Qc7 18.Be3 Ba3 19.Bc1 Bf8 20.d5 exd5 21.exd5 Nf6 22.Rd4 Bxd5
23.Bg5 Be7 24.Rc1 c3 25.Bd3 h6 26.Bxh6 Bxf3 27.gxf3 Qe5 28.Be3 g6 29.Qh3 Rd8
30.f4 Qh5 31.Qxh5 Nxh5 32.Rxd8+ Rxd8 33.Rxc3 Bb4 34.Rb3 a5 35.f5 gxf5 36.Bxf5 Nf6
37.a3 Bd6 38.Rd3  1-0

[Event "Graz op"]
[Site "Graz"]
[Date "1995.??.??"]
[Round "9"]
[White "Stanec, Nikolaus"]
[Black "Novikov, Igor A"]
[Result "0-1"]
[WhiteElo "2480"]
[BlackElo "2580"]

1.c4 e6 2.Nc3 d5 3.d4 c6 4.e3 Nf6 5.Nf3 Nbd7 6.Bd3 dxc4 7.Bxc4 b5 8.Bb3 b4
9.Ne2 Bb7 10.O-O Bd6 11.Ng3 c5 12.Qe2 O-O 13.Rd1 Qb6 14.Bd2 Rac8 15.Rac1 Rc7
16.Bc4 Rfc8 17.b3 a5 18.Be1 cxd4 19.exd4 Bf4 20.Ra1 Bd5 21.Bd3 g6 22.Nf1 Rc1
23.Raxc1 Rxc1 24.Rxc1 Bxc1 25.Bc4 Bxf3 26.Qxf3 Bb2 27.d5 exd5 28.Bxd5 Ne5
29.Qe2 Nxd5 30.Qxb2 Nd3 31.Qe2 N5f4 32.Qe8+ Kg7 33.Nd2 Ne6 34.Nf3 Qc5 35.Qa8 Nxe1
36.Nxe1 Qe5 37.Nc2 Qe2 38.Ne3 Qe1+ 39.Nf1 Nf4 40.g3 Nh3+ 41.Kg2 Qxf2+  0-1

[Event "Groningen op"]
[Site "Groningen"]
[Date "1995.??.??"]
[Round "?"]
[White "Kadimova, Ilaha"]
[Black "Korneev, Oleg"]
[Result "1/2-1/2"]
[WhiteElo "2305"]
[BlackElo "2605"]

1.d4 d5 2.c4 e6 3.Nf3 Nf6 4.Nc3 c6 5.e3 Nbd7 6.Bd3 dxc4 7.Bxc4 b5 8.Bd3 a6
9.e4 c5 10.e5 cxd4 11.Nxb5 axb5 12.exf6 gxf6 13.O-O Qb6 14.Be4 Bb7 15.Bxb7 Qxb7
16.Nxd4 Bc5 17.Be3 Ne5 18.Qb3 Bxd4 19.Bxd4 Rg8 20.f3 Rd8 21.Rad1 Qc6  1/2-1/2

[Event "Wch U16"]
[Site "Guarapuava"]
[Date "1995.??.??"]
[Round "4"]
[White "Sorkin, Igor"]
[Black "Zamora, Jorge"]
[Result "0-1"]
[WhiteElo "2265"]
[BlackElo "2385"]

1.d4 d5 2.c4 c6 3.Nf3 Nf6 4.Nc3 e6 5.e3 Nbd7 6.Bd3 dxc4 7.Bxc4 b5 8.Bd3 Bb7
9.a3 b4 10.Ne4 c5 11.Nxc5 Nxc5 12.dxc5 Bxc5 13.Bb5+ Ke7 14.Qa4 a6 15.Be2 Qb6
16.O-O Bc6 17.Qb3 Bd5 18.Qa4 a5 19.Nd2 Rhd8 20.Bf3 Bxf3 21.Nxf3 Rac8 22.Bd2 Ne4
23.Be1 f6 24.axb4 axb4 25.Qb3 Qb5 26.Rc1 Rd3 27.Qc4 Qxc4 28.Rxc4 Nd6 29.Rc2 e5
30.Nd2 Rxe3 31.Nc4 Re4 32.Nxd6 Kxd6 33.g3 Ra8 34.Kg2 Ra2 35.Bd2 b3 36.Rc3 Rxb2
37.Bc1 Rc2 38.Rd3+ Ke6 39.Rxb3 Ree2 40.Ba3 Rxf2+  0-1

[Event "Wch U16"]
[Site "Guarapuava"]
[Date "1995.??.??"]
[Round "5"]
[White "Mastrovasilis, Athanasios"]
[Black "Leitao, Rafael"]
[Result "1/2-1/2"]
[WhiteElo "2210"]
[BlackElo "2360"]

1.d4 d5 2.c4 e6 3.Nc3 c6 4.e3 Nf6 5.Nf3 Nbd7 6.Qc2 Bd6 7.b3 O-O 8.Be2 a6
9.O-O e5 10.cxd5 cxd5 11.dxe5 Nxe5 12.Bb2 Be6 13.Rad1 Rc8 14.Qb1 Qe7 15.Qa1 Ned7
16.h3 Rfd8 17.Bd3 Nc5 18.Bb1 h6 19.Rfe1 Bb8 20.b4 Ncd7 21.e4 dxe4 22.Nxe4 Nxe4
23.Bxe4 Nf6 24.Bxf6 gxf6 25.Bd5 Ba7 26.Qb1 f5 27.Bxe6 fxe6 28.Rxd8+ Rxd8
29.Qxf5 exf5 30.Rxe7 Rd1+ 31.Re1 Rd7 32.g3 Rc7 33.Rd1 Kf7 34.Kg2 Ke6 35.Nd4+ Ke5
36.Nf3+ Ke6 37.Nd4+ Ke5 38.Nf3+ Ke6 39.Nd4+ Ke5 40.Nf3+  1/2-1/2

[Event "Wch U16"]
[Site "Guarapuava"]
[Date "1995.??.??"]
[Round "8"]
[White "Bates, Richard"]
[Black "Naumann, Alexander"]
[Result "1/2-1/2"]
[WhiteElo "2345"]
[BlackElo "2360"]

1.d4 d5 2.c4 e6 3.Nc3 c6 4.e3 Nf6 5.Nf3 Nbd7 6.Qc2 Bd6 7.b3 O-O 8.Be2 Re8
9.O-O b6 10.Bb2 Bb7 11.Rad1 Qc7 12.e4 Nxe4 13.Nxe4 dxe4 14.Qxe4 f5 15.Qe3 c5
16.dxc5 Bxc5 17.Qf4 Nf6 18.Ne5 Rad8 19.Nd3 Bd6 20.Be5 Ne4 21.Bxd6 Qxd6 22.Qxd6 Rxd6
23.Ne5 Red8 24.Rxd6 Rxd6 25.Bd3 Nc5  1/2-1/2

[Event "Wch U16"]
[Site "Guarapuava"]
[Date "1995.??.??"]
[Round "9"]
[White "Sadvakasov, Darmen"]
[Black "Kasimdzhanov, Rustam"]
[Result "0-1"]
[WhiteElo "2260"]
[BlackElo "2435"]

1.c4 e6 2.d4 Nf6 3.Nc3 d5 4.Nf3 c6 5.e3 Nbd7 6.Bd2 b6 7.Rc1 Bb7 8.cxd5 exd5
9.Bd3 Be7 10.O-O O-O 11.Ne5 c5 12.Bb1 Nxe5 13.dxe5 Ne4 14.Qc2 g6 15.Rfd1 Nxc3
16.Bxc3 Qc8 17.f4 f5 18.exf6 Bxf6 19.b4 Qe6 20.Qf2 Bxc3 21.Rxc3 cxb4 22.Rc7 Rf7
23.f5 gxf5 24.Rxf7 Qxf7 25.Bxf5 Rf8 26.Rf1 Kh8 27.Qb2+ Qg7 28.Qxb4 Ba6 29.Bd3 Rg8  0-1

[Event "Wch U16"]
[Site "Guarapuava"]
[Date "1995.??.??"]
[Round "9"]
[White "Sorkin, Igor"]
[Black "Stojnic, Miodrag"]
[Result "1-0"]
[WhiteElo "2265"]
[BlackElo "2095"]

1.d4 d5 2.c4 c6 3.Nf3 Nf6 4.Nc3 e6 5.e3 Nbd7 6.Bd3 dxc4 7.Bxc4 b5 8.Bd3 a6
9.e4 c5 10.d5 c4 11.Bc2 Qc7 12.dxe6 fxe6 13.O-O Nc5 14.Qe2 Bb7 15.Bg5 O-O-O
16.Bh4 e5 17.Rfd1 Bd6 18.Nd5 Qf7 19.Ng5 Qe8 20.a4 h6 21.Nf3 Rf8 22.axb5 axb5
23.Nc3 Ne6 24.Bg3 Nc7 25.Qe3 Qe7 26.Nh4 Ng4 27.Qe2 Qg5 28.h3 Nf6 29.Nf5 Nfe8
30.Bh4 Qg6 31.Bxd8 Rxf5 32.Bxc7 Bxc7 33.Nxb5 Bb6 34.Rf1 Rg5 35.Qf3 Kb8 36.Kh1 Nf6
37.Nd6 Nh5 38.Qf8+  1-0

[Event "Wch U16"]
[Site "Guarapuava"]
[Date "1995.??.??"]
[Round "11"]
[White "Mastrovasilis, Athanasios"]
[Black "Naumann, Alexander"]
[Result "1-0"]
[WhiteElo "2210"]
[BlackElo "2360"]

1.d4 d5 2.c4 e6 3.Nc3 c6 4.e3 Nf6 5.Nf3 Nbd7 6.Qc2 Bd6 7.Bd2 O-O 8.O-O-O Qe7
9.e4 e5 10.cxd5 cxd5 11.exd5 e4 12.Ng5 Nb6 13.Ncxe4 Bf5 14.Bd3 Nxe4 15.Nxe4 Bxe4
16.Bxe4 Rac8 17.Bc3 f5 18.Bf3 Nc4 19.Kb1 b5 20.Qd3 b4 21.Bd2 a5 22.Rc1 Nxd2+
23.Qxd2 a4 24.Qd3 Rxc1+ 25.Rxc1 a3 26.h3 axb2 27.Rc2 g6 28.Qe2 Qxe2 29.Rxe2 Kf7
30.Kxb2 Re8 31.Rc2 Ra8 32.Rc6 Ke7 33.Be2 Rb8 34.Bc4 Rb7 35.Kc2 Rc7 36.Kd3 Kd7
37.Bb5 Ke7 38.Ke3 Ra7 39.Bc4 Ra3+ 40.Bb3 Ra7 41.Kf3 Ra8 42.g3 Rb8 43.h4 Rd8
44.Kg2 Rf8 45.f4 Ra8 46.Kf3 Kd7 47.Kf2 Ke7 48.Rb6 Ra7 49.Ke2 Kd7 50.Kd3 Ke7
51.Kc4 Rc7+ 52.Rc6 Rb7 53.Rc8 Kf6 54.Ba4 Ra7 55.Kb5 Ke7 56.Rh8 Kf6 57.Re8 Be7
58.Bb3 Rd7 59.Kc6 Rd6+ 60.Kc7 h6 61.Rb8 Ra6 62.Bc4 Bd6+ 63.Kd7 Bxb8 64.Bxa6 Ba7
65.d6 Bxd4 66.Kc7  1-0

[Event "Haarlem op"]
[Site "Haarlem"]
[Date "1995.??.??"]
[Round "4"]
[White "Horvath, Csaba"]
[Black "Borst, Johan"]
[Result "1-0"]
[WhiteElo "2500"]
[BlackElo "2320"]

1.d4 d5 2.c4 c6 3.Nf3 Nf6 4.Nc3 e6 5.e3 g6 6.Bd3 Bg7 7.O-O O-O 8.e4 dxe4
9.Nxe4 Nxe4 10.Bxe4 Qc7 11.Bg5 h6 12.Be3 Nd7 13.Re1 e5 14.Bc2 c5 15.d5 Qd6
16.Nd2 f5 17.f3 e4 18.fxe4 f4 19.e5 Bxe5 20.Ne4 Qe7 21.Bf2 b6 22.d6 Qf7 23.Ng5 hxg5
24.Be4 Nf6 25.Bxa8 Bg4 26.Qd2 Bxd6 27.Qxd6 Rxa8 28.Re7 Qf8 29.Be1 Rd8 30.Qe5 Rd4
31.Rb7 f3 32.Rb8 Rd8 33.Rxd8 Qxd8 34.Bc3 Kf7 35.gxf3 Bf5 36.Qxf6+ Qxf6 37.Bxf6 Kxf6
38.Kf2  1-0

[Event "Haarlem op"]
[Site "Haarlem"]
[Date "1995.??.??"]
[Round "5"]
[White "Jansen, Josef"]
[Black "Strating, Sybolt"]
[Result "0-1"]
[WhiteElo "2290"]
[BlackElo "2310"]

1.d4 d5 2.c4 c6 3.Nc3 Nf6 4.Nf3 e6 5.e3 Nbd7 6.Bd3 dxc4 7.Bxc4 b5 8.Bb3 Ba6
9.O-O Bd6 10.Re1 O-O 11.Bd2 Rc8 12.e4 e5 13.d5 b4 14.Na4 cxd5 15.exd5 e4
16.Nd4 Ne5 17.Bg5 Nd3 18.Bxf6 Qxf6 19.Rxe4 Qxf2+ 20.Kh1 Rce8 21.Qf3 Qxf3
22.gxf3 Nf2+  0-1

[Event "Hafnarfjordur op"]
[Site "Hafnarfjordur"]
[Date "1995.??.??"]
[Round "3"]
[White "Nilssen, John Arni"]
[Black "Thorhallsson, Throstur"]
[Result "0-1"]
[WhiteElo "2235"]
[BlackElo "2420"]

1.d4 d5 2.Nf3 Nf6 3.c4 e6 4.Nc3 c6 5.e3 Nbd7 6.Qc2 Bd6 7.b3 O-O 8.Bd3 e5
9.cxd5 cxd5 10.dxe5 Nxe5 11.Be2 Bg4 12.Nd4 Rc8 13.f3 Bb4 14.Bd2 Qa5 15.Rc1 Bh5
16.a3 Qxa3 17.Ndb5 Qa5 18.Qb2 Bg6 19.Ra1 Qb6 20.Nd4 Nc6 21.Ncb5 Bxd2+ 22.Qxd2 a6
23.Nxc6 bxc6 24.Nd4 c5 25.Rxa6 Qb7 26.Nc2 Qxb3 27.Bd1 Rfe8 28.Ra3 Qb2 29.Qc3 Qxc3+
30.Rxc3 d4 31.Ra3 Bxc2 32.Bxc2 Nd5 33.e4 Ne3 34.Ba4 Ra8 35.Kf2 Reb8 36.Ra2 c4
37.Rha1 g6 38.Ke2 Rxa4 39.Rxa4 Rb2+ 40.Ke1 d3  0-1

[Event "Hafnarfjordur op"]
[Site "Hafnarfjordur"]
[Date "1995.??.??"]
[Round "7"]
[White "Blees, Albert"]
[Black "Christensen, T."]
[Result "1-0"]
[WhiteElo "2410"]
[BlackElo "2375"]

1.c4 e6 2.d4 d5 3.Nc3 c6 4.e3 Nf6 5.Nf3 Be7 6.b3 O-O 7.Bd3 b6 8.O-O Bb7 9.Bb2 dxc4
10.bxc4 c5 11.Qe2 Nc6 12.Rad1 cxd4 13.exd4 Nb4 14.Bb1 Ba6 15.a4 Rc8 16.Nb5 Bb7
17.Ne5 a6 18.Nc3 Nc6 19.Ne4 g6 20.Nxf6+ Bxf6 21.Ng4 Bg7 22.d5 exd5 23.Bxg7 Kxg7
24.Rxd5 Qh4 25.Rd7 Na5 26.Qe5+ Kg8 27.Nf6+ Kh8 28.Nh5+  1-0

[Event "Haifa"]
[Site "Haifa"]
[Date "1995.??.??"]
[Round "2"]
[White "Alterman, Boris"]
[Black "Akopian, Vladimir"]
[Result "1/2-1/2"]
[WhiteElo "2575"]
[BlackElo "2655"]

1.d4 d5 2.c4 c6 3.Nc3 Nf6 4.e3 e6 5.Nf3 Nbd7 6.Bd3 dxc4 7.Bxc4 b5 8.Bd3 Bb7
9.O-O a6 10.e4 c5 11.d5 c4 12.dxe6 fxe6 13.Bc2 Qc7 14.Ng5 Nc5 15.e5 Qxe5
16.Re1 Qd6 17.Qxd6 Bxd6 18.Be3 O-O 19.Rad1 Be7 20.Bxc5 Bxc5 21.Nxe6 Rfc8
22.h3 Rab8 23.g4 Bf3 24.Rd2 b4 25.Na4 Ba7 26.g5 Nd5 27.g6 h6 28.Nd4 c3 29.bxc3 bxc3
30.Rd3 Nb4 31.Rxf3 Bxd4 32.Bf5 Rc7 33.a3 Nc6 34.Kg2 Ne7 35.Bc2 Bf6 36.Re6 Nxg6
37.Bxg6 c2 38.Bxc2 Rxc2  1/2-1/2

[Event "Wch U20"]
[Site "Halle"]
[Date "1995.??.??"]
[Round "3"]
[White "Hellsten, Johan"]
[Black "Fridman, Daniel"]
[Result "1/2-1/2"]
[WhiteElo "2430"]
[BlackElo "2490"]

1.d4 d5 2.Nf3 Nf6 3.c4 c6 4.Nc3 e6 5.e3 Nbd7 6.Qc2 Bd6 7.b3 O-O 8.Be2 e5
9.cxd5 cxd5 10.Nb5 Bb4+ 11.Bd2 Bxd2+ 12.Nxd2 a6 13.dxe5 Nxe5 14.Nd4 Bg4 15.Bxg4 Nexg4
16.O-O Rc8 17.Qb2 Ne4 18.N4f3 Qf6 19.Qxf6 Ngxf6 20.Rfc1 g6 21.h3 Rfd8 22.Kf1 Kf8
23.Ke1 Ke7 24.Nd4 Nxd2 25.Kxd2 Ne4+  1/2-1/2

[Event "Wch U20 Girls"]
[Site "Halle"]
[Date "1995.??.??"]
[Round "4"]
[White "Zhukova, Natalia"]
[Black "Vijayalakshmi, S."]
[Result "1-0"]
[WhiteElo "2360"]
[BlackElo "2155"]

1.d4 d5 2.Nf3 Nf6 3.c4 c6 4.e3 e6 5.Nc3 Nbd7 6.Bd3 Bd6 7.e4 dxe4 8.Nxe4 Nxe4
9.Bxe4 O-O 10.O-O h6 11.Bc2 e5 12.b3 f5 13.dxe5 Nxe5 14.Bb2 Qc7 15.Nd4 Ng4
16.g3 Ne5 17.Qe2 Bd7 18.f4 Ng4 19.c5 Rae8 20.Qc4+ Kh8 21.cxd6 Qxd6 22.Rfe1 c5
23.Rxe8 Rxe8 24.Nxf5 Qd2 25.Bxg7+ Kh7 26.Nxh6+ Kxg7 27.Qf7+  1-0

[Event "Wch U20"]
[Site "Halle"]
[Date "1995.??.??"]
[Round "5"]
[White "Hellsten, Johan"]
[Black "Sergejev, Roman"]
[Result "1-0"]
[WhiteElo "2430"]
[BlackElo "2345"]

1.d4 d5 2.Nf3 c6 3.c4 Nf6 4.Nc3 e6 5.e3 Nbd7 6.Qc2 Bd6 7.Be2 O-O 8.O-O Qe7
9.Rd1 dxc4 10.Bxc4 e5 11.Bb3 e4 12.Ng5 Bxh2+ 13.Kxh2 Ng4+ 14.Kg1 Qxg5 15.Nxe4 Qh4
16.Ng3 Qh2+ 17.Kf1 h5 18.e4 h4 19.Nf5 Qh1+ 20.Ke2 Qxg2 21.Be3 Ndf6 22.Rg1 Nxe3
23.Qc5 Qxf2+ 24.Kxf2 Nxe4+ 25.Kxe3 Nxc5 26.Ne7+ Kh8 27.Rg5 g6 28.Rxc5 Bd7
29.Re5 Kg7 30.Rg1 h3 31.Bc2 Rh8 32.Nxg6 h2 33.Rh1 Rh3+ 34.Kf2 Bg4 35.Rg5 Rf3+
36.Kg2 Re3 37.Nf4+  1-0

[Event "Wch U20 Girls"]
[Site "Halle"]
[Date "1995.??.??"]
[Round "6"]
[White "Hoang Than Trang"]
[Black "Kadimova, Ilaha"]
[Result "1/2-1/2"]
[WhiteElo "2405"]
[BlackElo "2305"]

1.d4 d5 2.c4 c6 3.Nf3 Nf6 4.Nc3 e6 5.e3 Nbd7 6.Qc2 Bd6 7.b3 O-O 8.Be2 b6
9.e4 dxe4 10.Nxe4 Nxe4 11.Qxe4 Bb4+ 12.Bd2 Bxd2+ 13.Nxd2 Bb7 14.O-O Rb8 15.Qe3 c5
16.dxc5 Nxc5 17.b4 Nd7 18.Rfd1 Qe7 19.Nb3 Nf6 20.a3 Rfd8 21.Nd4 Rbc8 22.h3 h6
23.Rac1 Rd7 24.Bf3 Bxf3 25.Qxf3 Rdc7 26.Rc2 Rxc4 27.Rxc4 Rxc4 28.Nc6 Qc7
29.Rd8+ Kh7 30.Qd3+ Re4 31.f3 Qxc6 32.fxe4 Nxe4 33.Rd4 f5 34.Qc4 Qe8 35.Qc7 Qg6
36.Qe5 h5 37.Rd7 h4 38.Re7 Qg5 39.Rxe6 Qc1+ 40.Kh2 Ng3 41.Qe1 Qf4 42.Qe5 Qf1
43.Qe1 Qf4 44.Kg1 Ne4 45.Re7 Kg6 46.Rxa7 Qd6 47.Qa1 Nf6 48.Rb7 Nh5 49.Qe1 Qd4+
50.Kh1 Ng3+ 51.Kh2 Ne4 52.Qc1 Qd6+ 53.Kg1 Qd4+ 54.Kh1 Nf2+ 55.Kh2 Qd6+ 56.Kg1 Nxh3+
57.Kh1 Nf2+ 58.Kg1 Nh3+  1/2-1/2

[Event "Wch U20"]
[Site "Halle"]
[Date "1995.??.??"]
[Round "8"]
[White "Wallace, John Paul"]
[Black "Pavasovic, Dusko"]
[Result "0-1"]
[WhiteElo "2405"]
[BlackElo "2450"]

1.d4 d5 2.c4 e6 3.Nc3 c6 4.e3 Nf6 5.Nf3 Nbd7 6.Bd3 dxc4 7.Bxc4 b5 8.Bd3 a6
9.e4 c5 10.d5 Qc7 11.O-O c4 12.Bc2 Bb7 13.dxe6 fxe6 14.Ng5 Nc5 15.e5 Qc6
16.f3 Nfd7 17.Bf4 Be7 18.Qe1 b4 19.Nce4 h6 20.Nf6+ gxf6 21.Bg6+ Kf8 22.Nf7 Nd3
23.Qh4 Nxf4 24.Nxh8 Kg7 25.exf6+ Bxf6 26.Qxf4 Rxh8 27.Bc2 Rg8 28.Kh1 Qc5
29.Rad1 Bd5 30.Be4 Ne5 31.Rfe1 Bxe4 32.Qxe4 Nd3 33.Re2 Rd8 34.Rdd2 Nf2+ 35.Rxf2 Qxf2
36.Qg4+ Bg5  0-1

[Event "Wch U20 Girls"]
[Site "Halle"]
[Date "1995.??.??"]
[Round "9"]
[White "Zhukova, Natalia"]
[Black "Edzgveradze, Natalia"]
[Result "1-0"]
[WhiteElo "2360"]
[BlackElo "2320"]

1.d4 d5 2.Nf3 Nf6 3.c4 c6 4.Nc3 e6 5.e3 Nbd7 6.Qc2 Bd6 7.g4 dxc4 8.Bxc4 e5
9.g5 Nd5 10.Ne4 Bb4+ 11.Bd2 Qe7 12.O-O-O exd4 13.exd4 N7b6 14.Bxd5 Bxd2+
15.Rxd2 cxd5 16.Nc5 O-O 17.Re2 Qd8 18.Rg1 Nc4 19.Ne5 Nd6 20.Qb3 Nf5 21.Nf3 b6
22.Nd3 Ba6 23.Rc2 Bc4 24.Qa3 Qb8 25.Rg4 Re8 26.Nde5 Bf1 27.h4 Bh3 28.Rf4 f6
29.gxf6 gxf6 30.Nd3 Re4 31.Rxe4 dxe4 32.Qb3+ Kg7 33.Nde5 fxe5 34.Ng5 Bg4
35.Qf7+  1-0

[Event "Wch U20 Girls"]
[Site "Halle"]
[Date "1995.??.??"]
[Round "12"]
[White "Hoang Than Trang"]
[Black "Edzgveradze, Natalia"]
[Result "0-1"]
[WhiteElo "2405"]
[BlackElo "2320"]

1.d4 d5 2.c4 c6 3.Nf3 Nf6 4.Nc3 e6 5.e3 Nbd7 6.Qc2 Bd6 7.b3 e5 8.cxd5 Nxd5
9.Nxd5 cxd5 10.dxe5 Nxe5 11.Nxe5 Bxe5 12.Bb2 Qa5+ 13.Kd1 Bg4+ 14.f3 Bf5 15.Qxf5 Bxb2
16.Rb1 Bc3 17.Qc2 O-O 18.Bd3 Rfe8 19.Rc1 Rac8 20.Bxh7+ Kh8 21.a4 Bf6 22.Qf5 Rxc1+
23.Kxc1 Qc3+ 24.Kd1 g6 25.Bxg6 fxg6 26.Qxg6 Rxe3 27.Qh5+ Kg7  0-1

[Event "Wch U20"]
[Site "Halle"]
[Date "1995.??.??"]
[Round "13"]
[White "Hausrath, Daniel"]
[Black "Sylvan, Jacob"]
[Result "1/2-1/2"]
[WhiteElo "2370"]
[BlackElo "2200"]

1.d4 d5 2.Nf3 Nf6 3.c4 c6 4.Nc3 e6 5.e3 Nbd7 6.Qc2 Bd6 7.Be2 O-O 8.O-O Re8
9.b3 e5 10.dxe5 Nxe5 11.cxd5 cxd5 12.Nb5 Bb8 13.Bb2 Nxf3+ 14.Bxf3 Ne4 15.Rfd1 Bf5
16.Qe2 a6 17.Nd4 Bg6 18.Rac1 Be5 19.g3 Qd6 20.Bg2 Rac8 21.Bh3 Rxc1 22.Rxc1 Ng5
23.Bg2 Ne6 24.Qd2 h6 25.Ne2 Bxb2 26.Qxb2 Be4 27.Rd1 Qc6 28.Nd4 Nxd4 29.Qxd4 Qe6
30.h4 b5 31.a4 bxa4 32.bxa4 Rc8 33.Bxe4 dxe4 34.Qd6 Qg4 35.Re1 Qg6 36.Qxg6 fxg6
37.Rd1 Rc4 38.Rd4 Rxd4 39.exd4 Kf7 40.Kf1 Ke6 41.Ke2 Kd5 42.Ke3 h5 43.f3 exf3
44.Kxf3 Kxd4 45.Kf4 a5 46.g4 Kc4 47.gxh5 gxh5 48.Kg5 Kb4 49.Kxh5 Kxa4 50.Kg6 Kb5
51.Kxg7 a4 52.h5 a3 53.h6 a2 54.h7 a1=Q+ 55.Kg8  1/2-1/2

[Event "Wichern op"]
[Site "Hamburg"]
[Date "1995.??.??"]
[Round "1"]
[White "Bischoff, Klaus"]
[Black "Kluth, Carsten"]
[Result "1-0"]
[WhiteElo "2550"]
[BlackElo "2190"]

1.c4 e6 2.Nc3 d5 3.d4 c6 4.e3 Nf6 5.Nf3 Nbd7 6.Qc2 Bd6 7.Be2 O-O 8.b3 Re8
9.O-O dxc4 10.bxc4 e5 11.Rd1 Qe7 12.Rb1 e4 13.Nd2 Nf8 14.c5 Bc7 15.Nc4 Bg4
16.Ba3 Qd7 17.Ne5 Qf5 18.Nxg4 Nxg4 19.Bxg4 Qxg4 20.h3 Qd7 21.Nxe4 f5 22.Ng5 h6
23.Qc4+ Kh8 24.Nf7+ Kh7 25.Ne5 Bxe5 26.dxe5 Qe7 27.Rd6 Rad8 28.Qd3 Rxd6 29.exd6 Qf7
30.g4 g6 31.Rb4 Ne6 32.d7 Rd8 33.Rxb7 Ng5 34.gxf5 gxf5 35.Kg2 Ne4 36.Qd4 Qg6+
37.Kh2 Ng5 38.Qf4 Nf7 39.Bb2 Rg8 40.Qg3 Qe6 41.d8=Q Rxg3 42.Qh8+ Kg6 43.Qg8+  1-0

[Event "Wichern op"]
[Site "Hamburg"]
[Date "1995.??.??"]
[Round "3"]
[White "Panchenko, Alexandar G"]
[Black "Trabert, Bettina"]
[Result "1/2-1/2"]
[WhiteElo "2480"]
[BlackElo "2210"]

1.d4 d5 2.c4 e6 3.Nc3 c6 4.e3 Nf6 5.Nf3 Nbd7 6.Qc2 Bd6 7.Be2 O-O 8.O-O e5
9.cxd5 cxd5 10.dxe5 Nxe5 11.Rd1 Nxf3+ 12.Bxf3 Qc7 13.g3 Be5 14.Bd2 Be6 15.Rac1 Rac8
16.Be1 Qb8 17.Qe2 Rfd8 18.Nb5 Rxc1 19.Rxc1 Bf5 20.Bc3 a6 21.Bxe5 Qxe5 22.Nd4 Be4
23.Bg4 Nxg4 24.Qxg4 h5 25.Qf4 Qxf4 26.gxf4 Rd7 27.f3 Bd3 28.Rc8+ Kh7 29.h4 Kg6
30.Kf2 Kf6 31.Ke1 Bf5 32.Kd2 g6 33.a3 Bh3 34.Re8 Re7 35.Rd8 Rd7 36.Rc8 Re7
37.Rc5 Rd7 38.a4 Ke7 39.Kc3 Kd6 40.Kb4 Rd8 41.e4 dxe4 42.fxe4 Rc8 43.e5+ Ke7
44.Rxc8 Bxc8 45.Kc5 Bh3 46.Kb6 Bg2 47.Kc7 f6 48.exf6+ Kxf6 49.Kd6 Be4 50.b4 Bg2
51.a5 Be4 52.Kc7 Bg2 53.Nc2 Bc6 54.Kd6 Be4 55.Ne3 Bf3 56.Kc5 Be4 57.Kd4 Bf3
58.Kc5 Be4 59.b5 axb5 60.Kxb5 Bf3 61.Nc2 Be4 62.Nd4 Bg2 63.Kb6 Bd5 64.Kb5 Be4
65.Kc5 Bg2 66.Nc2 Bf3 67.Kd6 Be4 68.Ne3 Bf3 69.Kd7 Bc6+ 70.Kc7 Bf3 71.Kb6 Ke6
72.Kc5 Kf6 73.Kd4 Ke6 74.Kc5  1/2-1/2